Stredoeurópske kartúzy v rodine kartuziánskej rehole

Gespeichert in:
Bibliographische Detailangaben
Weitere Verfasser: Homza, Martin (HerausgeberIn)
Format: Buch
Sprache:Slowakisch
Englisch
Veröffentlicht: Prešov : Etc. Slovakia, 2008
Ausgabe:[1. vyd.]
Schlagworte:
ISBN:9788096894819
Online-Zugang: Volltext
Tags: Tag hinzufügen
Keine Tags, Fügen Sie den ersten Tag hinzu!

MARC

LEADER 00000nam a2200000 4500
003 SK-BrCVT
005 20230525125609.0
008 221214c2008 xo slo
020 |a 9788096894819 
035 |a CVTIDW0032344 
040 |a CVTISR  |c CVTISR  |e AACR2 
041 |a slo  |h eng  |h GER 
044 |a xo  |c SK 
245 0 |a Stredoeurópske kartúzy v rodine kartuziánskej rehole  |c Editor: Martin Homza a kol. 
250 |a [1. vyd.] 
260 1 |a Prešov :  |b Etc. Slovakia,  |c 2008 
300 |a 276 s. 
655 4 |a odborné publikácie  |9 34859 
700 1 |a Homza, Martin  |4 edt 
910 |a 18931  |b P074562 
919 |a 978-80-968948-1-9 
974 |a cvti cvti  |f Knihy neprofilové  |b cvti cvti 
992 |a AMG 
997 |h WINISIS 
999 |c 292442  |d 292442